Österreichische Bundesliga 2024/2025 - Statistiken

Allgemein
  • Dieses Quiz wurde 135 mal gespielt
  • Das Durchschnittsergebnis liegt bei 10 aus 12
Antwortstatistiken
Antwort % Korrekt
Rapid Wien
98%
Austria Wien
96%
RB Salzburg
96%
Sturm Graz
93%
LASK Linz
89%
Wolfsberg
87%
WSG Tirol
81%
Austria Klagenfurt
80%
Blau-Weiß Linz
80%
Grazer AK
80%
TSV Hartberg
79%
SCR Altach
73%
Keine übereinstimmenden Quizze gefunden
Verteilung der Resultate
Anzahl Personen mit jedem Resultat
Perzentil nach korrekt beantworteten Fragen
Ihre Resultats-Entwicklung
Sie haben dieses Quiz noch nicht gespielt